000 01093cam a22003377a 4500
003 CHAP
005 20220329142608.0
008 010926d2000 mx r 00110 spa d
010 _a85438
011 _a86410
020 _a0135334802
035 _a96948
040 _cCHAP
082 0 4 _a540
_bB7 1997
100 0 0 _aBrown, Theodore L.
_915699
245 1 0 _aChemistry :
_bthe central science
_c/by Theodore L. Brown, H. Eugene LeMay, Jr. and Bruce E. Bursten
250 _a7ed.
260 _aUpper Saddle River, N.J. :
_bPrentice Hall,
_c1997.
300 _a991 p. :
_bilus. ; gráfs.
590 _aBATCH-UPD
_b10
_c20130110
_lUCH01
_h0801
590 _aBATCH-UPD
_b10
_c20130410
_lUCH01
_h0440
590 _aBATCH-UPD
_b10
_c20130914
_lUCH01
_h0758
590 _aCONVERSION
_b10
_c20130109
_lUCH01
_h1347
650 1 4 _aQuímica.
_993552
700 0 0 _aBursten, Bruce E.
_916307
700 0 0 _aLeMay, H. Eugene, Jr.
_965938
901 _aBK
905 _aAlejandra Carrasco M.
942 _cLIBRO
949 _a540 B7 1997
_bBC
_cLIBRO
_d33724000862280
_eLIBRO
_h102200
_i96948
_kI. c/e
_sex
_t$ 530.00
999 _c85438
_d85438